000 00567nam a22001817a 4500
999 _c9372
_d9372
008 210408b ||||| |||| 00| 0 eng d
040 _aBMS College of Architecture
100 _aLabh, Sweta
245 _aHeritage urbanism - (A study of Mysuru city)
300 _a58p.
500 _a1BM14AHD10
502 _8M,Arch
_NBMS College of Architecture, Visvesvaraya Technological University
_aDissertation
_d2016
650 _aMysuru
700 _aMamatha P Raj
_eGuide
700 _aSadashiv Chakravarthy
_eGuide
700 _aRachana Suraj
_eGuide
942 _2ddc
_cPGTHE